000 00591nam a2200217 a 4500
001 BRL_146
005 20190320210616.0
008 181012s1954----u--a######---#000-0#eng-u
041 _aeng
044 _au
050 4 _aND553.D78
_b.R36 1954
245 1 0 _aRaoul Dufy (1877-1953)
_ctext by Sam Hunter.
260 _aEstados Unidos
_bHarry N. Abrams
_c1954
300 _a5 p.
_bil., 15 láminas
_c38 cm.
440 0 _a16 beautiful full color prints
_923037
500 _aAu178
600 1 4 _aDufy, Raoul
_d1877-1953
_916535
700 1 _aHunter, Sam
_923038
902 _aGRL
942 _2lcc
_cB
999 _c8959
_d8959